| 000 | 01003nam0a2200289 4500 | ||
|---|---|---|---|
| 001 | RU\NLR\BIBL_A\011949960 | ||
| 005 | 20190423165650.0 | ||
| 010 |
_a978-5-00112-211-1 _95000 |
||
| 021 |
_aRU _bКН-П-19-005839 _9КН-П-19-0429 |
||
| 035 | _a(NLR Aleph) 011949960 | ||
| 035 | _a(RuMoRGB)009880073 | ||
| 090 |
_a11142289 _c11142289 |
||
| 100 | _a20190301d2019 u y0rusy50 ca | ||
| 101 | 1 |
_arus _ceng |
|
| 102 | _aRU | ||
| 105 | _ay zzzz||000ay | ||
| 200 | 1 |
_aДесять дней, которые потрясли мир _fДжон Рид _gперевод с английского А. Ромма |
|
| 210 |
_aМосква _cВремя _d2019 |
||
| 215 |
_a542 с. _d17 |
||
| 225 | 1 | _aПроверено временем | |
| 686 | 1 | _aШ6(7США)67-46{Лх1978-45} | |
| 700 | 1 |
_7ca _8rus _aРид _bД. _f1887-1920 _gДжон _932369 _3RU\NLR\AUTH\7749434 |
|
| 942 | _cBOOK | ||
| 980 | _aNBR | ||
| 980 | _aNB | ||